Tous les films de la bande à FIFI - Statistiques

Statistiques générales
  • Ce quiz a été pris 88 fois
  • Le résultat moyen est 7 sur 11
Statistiques - réponses
Par images Réponse % Correct
Alibi.com
97%
Alibi.com 2
89%
Babysitting 2
85%
Epouse-moi mon pote
82%
Nicky Larson et le Parfum de Cupidon
80%
Babysitting 1
71%
30 jours max
65%
3 jours max
61%
Super-héro malgré lui
15%
Jour J
11%
Paris à tout Prix
10%
Aucun quiz correspondant
Distribution des résultats
% des personnes avec chaque résultat
Percentile par nombre de réponses
Votre historique - résultats
Vous n’avez pas pris ce quiz